Schaum's outline of theory and problems of computers and programming / (Record no. 176627)
[ view plain ]
| 000 -LEADER | |
|---|---|
| fixed length control field | 01205 a2200253 4500 |
| 003 - CONTROL NUMBER IDENTIFIER | |
| control field | Nust |
| 005 - DATE AND TIME OF LATEST TRANSACTION | |
| control field | 20220719192814.0 |
| 010 ## - LIBRARY OF CONGRESS CONTROL NUMBER | |
| LC control number | 81018572 |
| 020 ## - INTERNATIONAL STANDARD BOOK NUMBER | |
| International Standard Book Number | 0070990719(pbk.) : |
| 040 ## - CATALOGING SOURCE | |
| Transcribing agency | Nust |
| 082 00 - DEWEY DECIMAL CLASSIFICATION NUMBER | |
| Classification number | 001.642,SCH |
| 100 1# - MAIN ENTRY--PERSONAL NAME | |
| Personal name | Scheid, Francis J. |
| 9 (RLIN) | 36479 |
| 245 10 - TITLE STATEMENT | |
| Title | Schaum's outline of theory and problems of computers and programming / |
| Statement of responsibility, etc. | by Francis Scheid. |
| 260 ## - PUBLICATION, DISTRIBUTION, ETC. | |
| Place of publication, distribution, etc. | New York : |
| Name of publisher, distributor, etc. | McGraw-Hill, |
| Date of publication, distribution, etc. | c1982. |
| 300 ## - PHYSICAL DESCRIPTION | |
| Extent | 402 p. : |
| Other physical details | ill. ; |
| Dimensions | 28 cm. |
| 490 0# - SERIES STATEMENT | |
| Series statement | Schaum's outline series |
| 505 ## - FORMATTED CONTENTS NOTE | |
| Formatted contents note | Information Processing (Page-1, Three Algorithm Components (Page-36), Programming Languages (Page-55), Program Logic (Page-77), Top-Down Structured Programming (Page-106), Program Testing (Page-130), Arrays (Page-139), I/O Format (Page-187), Classic Procedures and Devices (Page-231), Simulation (Page-273), Recursive Procedures (Page-313), Graph Problems (Page-339), thinking Learning Intelligence (Page-376). |
| 538 ## - SYSTEM DETAILS NOTE | |
| System details note | Almirah No.1 and Shelf No.2 |
| 650 #0 - SUBJECT ADDED ENTRY--TOPICAL TERM | |
| Topical term or geographic name entry element | Computer programming |
| 650 #0 - SUBJECT ADDED ENTRY--TOPICAL TERM | |
| Topical term or geographic name entry element | Computer programming. |
| 9 (RLIN) | 93933 |
| 650 #0 - SUBJECT ADDED ENTRY--TOPICAL TERM | |
| Topical term or geographic name entry element | Programming languages (Electronic computers) |
| 9 (RLIN) | 3683 |
| 650 #0 - SUBJECT ADDED ENTRY--TOPICAL TERM | |
| Topical term or geographic name entry element | Programming languages (Electronic computers) |
| 9 (RLIN) | 3683 |
| 942 ## - ADDED ENTRY ELEMENTS (KOHA) | |
| Source of classification or shelving scheme | |
| Koha item type | Book |
| Withdrawn status | Lost status | Source of classification or shelving scheme | Damaged status | Not for loan | Permanent Location | Current Location | Shelving location | Date acquired | Full call number | Barcode | Date last seen | Price effective from | Koha item type | Public note |
|---|---|---|---|---|---|---|---|---|---|---|---|---|---|---|
| Military College of Signals (MCS) | Military College of Signals (MCS) | General Stacks | 12/12/2016 | 001.642,SCH | MCS2307 | 12/08/2016 | 12/12/2016 | Book | Almirah No.1, Shelf No.2 |
